Výběr šesti tanečních melodií Combo series : Plynová lampa : slowfox /

Hlavní autor: Krotil, Zdeněk, 1926-1984
Další autoři: Procházka, Standa, 1919-2016
Jazyk: Nelze použít, není lingvistický obsah
Vydáno: Praha : Státní hudební vydavatelství, 1963
Edice: Malý taneční soubor. Combo series
Fyzický popis: 5 hlasů
Hudebniny Hudebniny
Uloženo v:
LEADER 00998ncm a22002532a 4500
001 001092654
003 CZ BrMZK
005 20120327082244.0
007 qu
008 960101s1963 xr f zxx d
040 |a BOA001  |b cze 
072 7 |a 785  |x Instrumentální hudba. Symfonická hudba. Hudba pro více nástrojů  |2 Konspekt  |9 9 
100 1 |a Krotil, Zdeněk,  |d 1926-1984  |7 jk01063455  |4 edt 
245 1 0 |a Výběr šesti tanečních melodií  |h [hudebnina] :  |b Combo series : Plynová lampa : slowfox /  |c upr. Zdeněk Krotil ; S. Procházka 
260 |a Praha :  |b Státní hudební vydavatelství,  |c 1963 
300 |a 5 hlasů 
490 1 |a Malý taneční soubor. Combo series ;  |v 38 
700 1 |a Procházka, Standa,  |d 1919-2016  |7 jn20000728529  |4 cmp 
740 0 2 |a Plynová lampa 
830 0 |a Malý taneční soubor.  |p Combo series 
910 |a BOA001  |b Mus3-0489.782 
990 |a MU 
991 |b 201004 
996 6 |b 2619451093  |c Mus3-0489.782  |l MZK  |r Sklad / do 1 hodiny  |n 1  |w 001117998  |u 000010  |a 1  |e BOA001  |j MZK50  |s P